Welcome to CU Library Online Public Access Catalogue (OPAC)

Company Law in a Nutshell (Record no. 6794)

MARC details
000 -LEADER
fixed length control field 00450nam a22001817a 4500
003 - CONTROL NUMBER IDENTIFIER
control field OSt
005 - DATE AND TIME OF LATEST TRANSACTION
control field 20250630185056.0
008 - FIXED-LENGTH DATA ELEMENTS--GENERAL INFORMATION
fixed length control field 250630b |||||||| |||| 00| 0 eng d
040 ## - CATALOGING SOURCE
Transcribing agency DLC
050 ## - LIBRARY OF CONGRESS CALL NUMBER
Classification number KD2079
Item number .3 2001
100 ## - MAIN ENTRY--PERSONAL NAME
Personal name Ola, Christopher S.
245 ## - TITLE STATEMENT
Title Company Law in a Nutshell
260 ## - PUBLICATION, DISTRIBUTION, ETC.
Place of publication, distribution, etc. Ibadan ;
Name of publisher, distributor, etc. University Press ;
Date of publication, distribution, etc. c2001
300 ## - PHYSICAL DESCRIPTION
Extent xxi, 214 pages
490 ## - SERIES STATEMENT
Materials specified Company Law
500 ## - GENERAL NOTE
General note Includes Index
942 ## - ADDED ENTRY ELEMENTS (KOHA)
Source of classification or shelving scheme Library of Congress Classification
Koha item type Books
Suppress in OPAC No
Holdings
Withdrawn status Lost status Source of classification or shelving scheme Damaged status Not for loan Collection Home library Current library Shelving location Date acquired Total checkouts Full call number Barcode Date last seen Copy number Price effective from Koha item type
    Library of Congress Classification     Non-fiction Law Library (Christ Temple) Law Library (Christ Temple) Reference 06/30/2025   KD2079.3 OLA LLCT00000728 06/30/2025 1 06/30/2025 Books
© 2023-2024 Copyright: Central University Libraries. All Rights Reserved | Created by: Mahone Tech Office